000 03199nam0a2200433 4500
001 RU\NLR\BIBL_A\022357561
005 20250217164550.0
010 _a978-5-7924-1889-9
_933
021 _aRU
_bКН-П-24-051658
_9КН-П-24-5137
035 _a(NLR Aleph) 022357561
090 _a13326717
_c13326717
100 _a20241018d2022 k y0rusy50 ca
101 0 _arus
102 _aRU
105 _aa z 000yy
181 0 _ai
_bxxxe
182 0 _an
200 1 _aРезультаты социологического исследования региональных практик по оценке эффективности деятельности органов и учреждений системы профилактики безнадзорности и правонарушений несовершеннолетних
_fк. ю. н., доцент В. В. Аржанов, к. ю. н., доцент В. Ф. Борисова, к. с. н., доцент И. О. Кузнецова, к. ю. н., доцент Н. В. Спесивов
_gМинистерство науки и высшего образования Российской Федерации, Федеральное государственное бюджетное образовательное учреждение высшего образования "Саратовская государственная юридическая академия"
203 _aТекст
_bвизуальный
_cнепосредственный
210 _aСаратов
_cИзд-во СГЮА
_d2022
215 _a144 с.
_cил., табл.
_d21
300 _aАвт. указаны на обороте тит. с.
320 _aБиблиогр. в подстроч. примеч.
606 1 _aДетская безнадзорность
_xПрофилактика
_xДеятельность органов государственного управления
_yРоссийская Федерация
_92522292
_3RU\NLR\AUTH\6601708910
606 1 _aНесовершеннолетние
_xПравонарушения
_xПредупреждение
_yРоссийская Федерация
_92083547
_3RU\NLR\AUTH\661259611
606 1 _aКомиссии по делам несовершеннолетних
_xЧлены
_xСоциологические исследования
_92574370
_3RU\NLR\AUTH\6601733340
686 1 _aХ621.011
686 1 _aХ628.408.2
686 1 _aС550.518
701 1 _aАржанов
_bВ. В.
_gВладимир Владимирович
701 1 _7ca
_8rus
_aБорисова
_bВ. Ф.
_cканд. юрид. наук
_gВиктория Федоровна
_966222
_3RU\NLR\AUTH\7783294
701 1 _7ca
_8rus
_aКузнецова
_bИ. О.
_cканд. социол. наук
_gИрина Олеговна
_937442
_3RU\NLR\AUTH\7754510
701 1 _aСпесивов
_bН. В.
_gНикита Владимирович
712 0 2 _4475
_aСаратовская государственная юридическая академия
_9292022
_3RU\NLR\AUTH\8810201934
942 _cBOOK
980 _aNB